LEADER 01584nam a2200325 i 4500 001 000000228590 003 CaOOAMICUS 005 20251124085940.0 008 140507s1828 it u000 u mul u 013 $a207492 026 $as.t, nso- s-et vemi (3) 1828 (R) 040 $aSeMil$bita 100 0 $aTertullianus, Quintus Septimius Florens,$d.$0(OLS)http://semarc/name/1146 240 10$aApologeticum.$0(OLS)http://semarc/title/455368 245 12$aL'Apologétique et les prescriptions de Tertullien, traduction de l'abbé de Gourcy ... L'Octavius de Minutius Félix, traduction nouvelle. Avec le texte en regard et des notes. 250 $aNouvelle édition revue et corrigée. 260 $aParis :$bMéquignon-Havard,$c1828. 300 $a[4], xxxv, [1] , 624 p. ;$c8°. 500 $aL'Octavius inizia a p. 415 con proprio occhietto. 700 1 $aMinucius Felix, Marcus,$d.$0(OLS)http://semarc/name/21254 730 02$aOctavius.$0(OLS)http://semarc/title/456933 850 $aSeMil 852 $aSeMil$W1$xVenegono$y1$m2T II 18 FA$j178936$B178936$CSeMilBibl$Z2$F190784 $8I 900 0 $aTertulliano,$d. 941 1 $a10 961 $aRecupero: Mantegazza 996 $6245$aL'Apologétique et les prescriptions de Tertullien, traduction de l'abbé de Gourcy ... L'Octavius de Minutius Félix, traduction nouvelle. Avec le texte en regard et des notes$9(OLS)http://semarc/title/327164 996 $6260$aParis :$bMéquignon-Havard$9(OLS)http://semarc/publisher/39310 LEADER 01185nam a2200289 i 4500 001 000000108106 003 CaOOAMICUS 005 20061127000000.0 008 061123s1984 it u000 u ita u 013 $a80673 020 $a88-7026-569-2 040 $aSeMil$bita 100 1 $aPascal, Blaise,$d<1623-1662>.$0(OLS)http://semarc/name/4925 245 13$aIl Dio degli uomini /$cPascal ; introduzione e traduzione di Benedetta Papasogli. 260 $aPadova :$bMessaggero,$c1984. 300 $a225 p. ;$c18 cm. 490 0 $aClassici dello spirito ;$v27. 500 $aContiene : Nota bibliografica. 600 14$aPascal, Blaise <1623-1662>.$0(OLS)http://semarc/subject/3508 700 1 $aPapasogli, Benedetta.$0(OLS)http://semarc/name/20510 830 0$aClassici dello spirito ;$v27.$0(OLS)http://semarc/title/22355 850 $aSeMil 852 $aSeMil$W1$xVenegono$y1$m2P I 133$j64202$B64202$CSeMilBibl$Z2$F117517 $81 961 $aOmaggio: Rogora don Roberto 996 $6020$a88-7026-569-2$9(OLS)http://semarc/number/88986 996 $6245$aIl Dio degli uomini$9(OLS)http://semarc/title/156694 996 $6260$aPadova :$bMessaggero$9(OLS)http://semarc/publisher/29786